000 00659nam a22002297a 4500
003 UA-OsUOA
001 45413
007 ta
008 20111011b un ||||| |||| 00| 0 ukr d
100 _aPigido-Pravoberezhny F.
090 _a94(477).075
942 _cBK
040 _aUA-OsUOA
_beng
_cUA-OsUOA
_dUA-OsUOA
245 _aThe Stalin Famine. Ukraine in the year 1933.
300 _a72 p.
955 _a1
041 _aeng
080 _a94(477).075
650 7 _a9 Географія. Біографії. Історія
_2UDC
999 _c425520
_d425520